000 00305nam a22001457a 4500
003 SGT
082 _a603
_bM14B
100 _aBANSAL, SHRINANDAL
245 _aBANSAL'S MEDICAL DICTIONARY
250 _a1ST
260 _aDELHI
_bAITBS PUB
_c2014
300 _a1150
650 _aDICTIONARY
942 _2ddc
_cBK
999 _c8704
_d8704